000
00271nam a22001097a 4500
082
_a
621.3 COT'S
100
_a
PARRY, J. V,COTTON, H
_9
78483
245
_a
SOLUTION OF PROBLEMS IN ELECTICAL TECHNOLOGY
260
_a
LONDON
_b
SIR ISAAC
_c
1966
300
_a
315P
942
_c
BK
999
_c
583599
_d
583599